[Event "European Online CC PlayB"]
[Site "Tornelo INT"]
[Date "2021.03.29"]
[Round "4.3"]
[Board "2"]
[White "Eljanov, Pavel"]
[Black "Guseinov, Gadir"]
[Result "0-1"]
[WhiteTitle "GM"]
[BlackTitle "GM"]
[WhiteElo "2672"]
[BlackElo "2665"]
[WhiteTeam "Greco-Notary Chess Team"]
[BlackTeam "Odlar Yurdu"]
[WhiteFideId "14102951"]
[BlackFideId "13401378"]
[EventDate "2021.03.29"]
[EventType "team"]

1. d4 Nf6 2. c4 g6 3. Nc3 Bg7 4. e4 d6 5. Nf3 O-O 6. Be2 c6 7. O-O e5 8. d5 Na6
9. Be3 Ng4 10. Bg5 f6 11. Bh4 c5 12. Ne1 Nh6 13. f3 Nf7 14. Nd3 Bh6 15. Bf2 f5
16. Rb1 Nc7 17. b4 b6 18. bxc5 bxc5 19. Nxc5 dxc5 20. Bxc5 Re8 21. Bf2 Rf8 22.
c5 Ne8 23. d6 Be6 24. Qa4 Nf6 25. Bc4 Bxc4 26. Qxc4 Rc8 27. Rfd1 Kh8 28. Qa4 Qd7
29. Qxd7 Nxd7 30. Nd5 fxe4 31. Rb5 e3 32. Nxe3 Rxc5 33. Rb7 Rd8 34. Ng4 Rc1 35.
Rxc1 Bxc1 36. Rxa7 Nxd6 37. Rc7 Bd2 38. Kf1 Nf5 39. Ke2 Ba5 40. Ra7 Bc3 41. a4
h5 42. Ne3 Bd4 43. Rc7 Nb6 44. Nxf5 gxf5 45. Bxd4 Rxd4 46. a5 Nd5 47. Rf7 Nf4+
48. Kf1 Rd1+ 49. Kf2 Rd2+ 50. Kf1 Ra2 51. Rxf5 Ra1+ 52. Kf2 Kg7 53. h4 Ra2+ 54.
Kf1 Ra1+ 55. Kf2 Kg6 56. Rg5+ Kf6 57. Rg8 Ra2+ 58. Kf1 Rxa5 59. g3 Ra1+ 60. Kf2
Ra2+ 61. Kf1 Ne6 62. Rh8 Nd4 63. Rxh5 Nxf3 64. Rh8 e4 0-1

[Event "European Online CC PlayB"]
[Site "Tornelo INT"]
[Date "2021.03.29"]
[Round "4.3"]
[Board "3"]
[White "Abasov, Nijat"]
[Black "Kuzubov, Yuriy"]
[Result "1/2-1/2"]
[WhiteTitle "GM"]
[BlackTitle "GM"]
[WhiteElo "2664"]
[BlackElo "2642"]
[WhiteTeam "Odlar Yurdu"]
[BlackTeam "Greco-Notary Chess Team"]
[WhiteFideId "13402960"]
[BlackFideId "14112906"]
[EventDate "2021.03.29"]
[EventType "team"]

1. d4 Nf6 2. c4 e6 3. Nf3 d5 4. Nc3 Nbd7 5. Bg5 h6 6. Bh4 Be7 7. e3 O-O 8. Qc2
c5 9. dxc5 dxc4 10. Bxc4 Nxc5 11. O-O Bd7 12. Rfd1 Qb6 13. Ne5 Rfd8 14. Nxd7
Rxd7 15. Rxd7 Ncxd7 16. Rd1 Ne5 17. Be2 Rc8 18. Bg3 Ned7 19. Qb1 Bb4 20. Ne4
Nxe4 21. Qxe4 Nf6 22. Qb1 Be7 23. Bf3 Qb5 24. h3 b6 25. Rc1 Rxc1+ 26. Qxc1 Qd7
27. Qc6 Qxc6 28. Bxc6 Kf8 29. Kf1 Bc5 30. Ke2 Ke7 31. Be5 Bd6 32. Bc3 g6 33. Kd3
Nd5 34. Bxd5 exd5 35. a4 a6 36. Bd4 b5 37. axb5 axb5 38. g4 h5 39. f3 f5 40.
gxh5 gxh5 41. f4 Ke6 42. Kc3 Be7 43. Kb3 Bd6 44. Kc3 Be7 45. Kb3 Bd6 46. Kc3 1/2-1/2

[Event "European Online CC PlayB"]
[Site "Tornelo INT"]
[Date "2021.03.29"]
[Round "4.3"]
[Board "4"]
[White "Baklan, Vladimir"]
[Black "Durarbayli, Vasif"]
[Result "1/2-1/2"]
[WhiteTitle "GM"]
[BlackTitle "GM"]
[WhiteElo "2587"]
[BlackElo "2606"]
[WhiteTeam "Greco-Notary Chess Team"]
[BlackTeam "Odlar Yurdu"]
[WhiteFideId "14102196"]
[BlackFideId "13402935"]
[EventDate "2021.03.29"]
[EventType "team"]

1. e4 e5 2. Nf3 Nc6 3. Bb5 a6 4. Ba4 Nf6 5. Nc3 b5 6. Bb3 Bc5 7. O-O O-O 8. d3
d6 9. Nd5 Nxd5 10. Bxd5 Bd7 11. c3 Rb8 12. b4 Bb6 13. a4 Ne7 14. Bb3 a5 15. bxa5
Bxa5 16. Ng5 Be8 17. Bd2 h6 18. Nf3 bxa4 19. Bxa4 Bb6 20. d4 Ng6 21. Be3 Qe7 22.
Nd2 Bxa4 23. Qxa4 Kh7 24. Qc2 Qf6 25. Nc4 exd4 26. Nxb6 dxe3 27. Nd7 exf2+ 28.
Rxf2 Qe6 29. Nxf8+ Rxf8 30. Ra7 Qc4 31. Ra4 1/2-1/2

[Event "European Online CC PlayB"]
[Site "Tornelo INT"]
[Date "2021.03.29"]
[Round "5.1"]
[Board "1"]
[White "Kryvoruchko, Yuriy"]
[Black "Bluebaum, Matthias"]
[Result "1/2-1/2"]
[WhiteTitle "GM"]
[BlackTitle "GM"]
[WhiteElo "2699"]
[BlackElo "2670"]
[WhiteTeam "Greco-Notary Chess Team"]
[BlackTeam "SF Deizisau e.V."]
[WhiteFideId "14109182"]
[BlackFideId "24651516"]
[EventDate "2021.03.29"]
[EventType "team"]

1. e4 e6 2. d4 d5 3. Nc3 Nf6 4. e5 Nfd7 5. f4 c5 6. Nf3 Nc6 7. Be3 a6 8. a3 Qb6
9. Be2 cxd4 10. Nxd4 Bc5 11. Na4 Qa5+ 12. c3 Bxd4 13. Bxd4 Nxd4 14. Qxd4 Qc7 15.
b4 O-O 16. O-O b5 17. Nb2 Nb6 18. Nd3 Bd7 19. Rac1 Rfc8 20. Nc5 Na4 21. Nxa4
bxa4 22. c4 dxc4 23. Rxc4 Qb7 24. Rd1 Rxc4 25. Bxc4 Bc6 26. h4 h6 27. Rd2 Bb5
28. Ba2 Qa7 29. Qxa7 Rxa7 30. Rd8+ Kh7 31. Bb1+ g6 32. Rc8 Rd7 33. Bc2 Kg7 34.
Kf2 Rd2+ 35. Kf3 h5 36. g3 Rh2 37. Rc3 Kf8 38. Ke3 Ke7 39. Bd3 Rg2 40. Kf3 Rd2
41. Bxb5 axb5 42. g4 hxg4+ 43. Kxg4 Rg2+ 44. Kf3 Rh2 45. Kg3 Rb2 46. Kg4 Rg2+
47. Kf3 Rh2 48. Kg3 Rb2 49. Rc5 Rb3+ 50. Kg4 Kf8 51. h5 gxh5+ 52. Kxh5 Rxa3 53.
Rxb5 Kg7 54. Ra5 Ra1 55. b5 a3 56. b6 Rh1+ 57. Kg4 Rg1+ 58. Kf3 Rb1 59. Rxa3
Rxb6 1/2-1/2

[Event "European Online CC PlayB"]
[Site "Tornelo INT"]
[Date "2021.03.29"]
[Round "5.1"]
[Board "2"]
[White "Donchenko, Alexander"]
[Black "Eljanov, Pavel"]
[Result "0-1"]
[WhiteTitle "GM"]
[BlackTitle "GM"]
[WhiteElo "2659"]
[BlackElo "2672"]
[WhiteTeam "SF Deizisau e.V."]
[BlackTeam "Greco-Notary Chess Team"]
[WhiteFideId "24603295"]
[BlackFideId "14102951"]
[EventDate "2021.03.29"]
[EventType "team"]

1. Nf3 Nf6 2. g3 d5 3. Bg2 c6 4. O-O Bg4 5. h3 Bh5 6. d4 e6 7. c4 Nbd7 8. cxd5
exd5 9. Qb3 Qb6 10. Qe3+ Be7 11. Nh4 Bg6 12. Nc3 Nf8 13. Na4 Qc7 14. Nc5 N6d7
15. Nxg6 hxg6 16. Nd3 Ne6 17. Nf4 Ndf8 18. Rb1 Bf6 19. Qd3 Nxd4 20. e4 dxe4 21.
Qxe4+ Nfe6 22. b4 O-O 23. Nxe6 Nxe6 24. b5 Nd4 25. bxc6 bxc6 26. Re1 Rac8 27.
Bd2 Qd7 28. Qg4 Nf3+ 29. Bxf3 Qxd2 30. Re2 Qd6 31. Qa4 c5 32. Qxa7 c4 33. Qa4
Qd3 34. Rc2 Qxf3 35. Rxc4 Rxc4 36. Qxc4 Rd8 37. Qb3 Qe2 38. Rf1 Ra8 39. a4 Qe8
40. Qb5 Kf8 41. Rd1 Rxa4 0-1

[Event "European Online CC PlayB"]
[Site "Tornelo INT"]
[Date "2021.03.29"]
[Round "5.1"]
[Board "3"]
[White "Kuzubov, Yuriy"]
[Black "Keymer, Vincent"]
[Result "0-1"]
[WhiteTitle "GM"]
[BlackTitle "GM"]
[WhiteElo "2642"]
[BlackElo "2591"]
[WhiteTeam "Greco-Notary Chess Team"]
[BlackTeam "SF Deizisau e.V."]
[WhiteFideId "14112906"]
[BlackFideId "12940690"]
[EventDate "2021.03.29"]
[EventType "team"]

1. d4 Nf6 2. c4 e6 3. Nc3 Bb4 4. e3 c5 5. Bd3 Nc6 6. Ne2 cxd4 7. exd4 d5 8. cxd5
Nxd5 9. Bc2 Bd6 10. a3 Nxc3 11. bxc3 Bd7 12. Qd3 Qh4 13. Ng3 Rc8 14. O-O Ne7 15.
Re1 Ng6 16. Rb1 b6 17. Re4 Qd8 18. Nf5 Bc6 19. Nxg7+ Kd7 20. Rg4 Rg8 21. Nh5 f5
22. Bg5 Be7 23. Bxe7 Qxe7 24. Rg3 Kc7 25. c4 f4 26. Rg4 Nh4 27. Rxg8 Rxg8 28. d5
Rxg2+ 29. Kf1 Qg5 30. Qxh7+ Bd7 31. d6+ Kxd6 32. Rd1+ Kc5 33. Qxd7 Rxf2+ 34.
Kxf2 Qg2+ 35. Ke1 Nf3# 0-1

[Event "European Online CC PlayB"]
[Site "Tornelo INT"]
[Date "2021.03.29"]
[Round "5.1"]
[Board "4"]
[White "Kollars, Dmitrij"]
[Black "Baklan, Vladimir"]
[Result "1-0"]
[WhiteTitle "GM"]
[BlackTitle "GM"]
[WhiteElo "2598"]
[BlackElo "2587"]
[WhiteTeam "SF Deizisau e.V."]
[BlackTeam "Greco-Notary Chess Team"]
[WhiteFideId "12909572"]
[BlackFideId "14102196"]
[EventDate "2021.03.29"]
[EventType "team"]

1. e4 e6 2. d4 d5 3. Nd2 Nd7 4. Ngf3 Ne7 5. c4 g6 6. Bd3 Bg7 7. O-O O-O 8. Nb3
dxe4 9. Bxe4 Nf6 10. Bc2 b6 11. Bf4 Bb7 12. Qe2 a5 13. Rad1 a4 14. Nc1 a3 15. b3
Nc6 16. h3 Nb4 17. Bb1 Re8 18. Nd3 Nxd3 19. Bxd3 Ra5 20. Ne5 Qa8 21. f3 Nh5 22.
Bh2 c5 23. dxc5 Rxc5 24. Rfe1 Qa5 25. g4 Nf6 26. Bb1 Qa8 27. Rd3 b5 28. Red1
bxc4 29. bxc4 h5 30. Qe3 Ra5 31. Qf4 hxg4 32. hxg4 Rxe5 33. Qxe5 Bxf3 34. Rf1
Be2 35. Qxe2 Ne4 36. Qe3 f5 37. Rd7 1-0

[Event "European Online CC PlayB"]
[Site "Tornelo INT"]
[Date "2021.03.29"]
[Round "5.2"]
[Board "1"]
[White "Muradli, Mahammad"]
[Black "Mamedyarov, Shakhriyar"]
[Result "1/2-1/2"]
[WhiteTitle "IM"]
[BlackTitle "GM"]
[WhiteElo "2449"]
[BlackElo "2770"]
[WhiteTeam "Tehsil Idman"]
[BlackTeam "Odlar Yurdu"]
[WhiteFideId "13409301"]
[BlackFideId "13401319"]
[EventDate "2021.03.29"]
[EventType "team"]

1. d4 Nf6 2. c4 e6 3. Nf3 d5 4. Nc3 c5 5. cxd5 Nxd5 6. e4 Nxc3 7. bxc3 cxd4 8.
cxd4 Bb4+ 9. Bd2 Bxd2+ 10. Qxd2 O-O 11. Bc4 Nd7 12. O-O b6 13. Rfe1 Bb7 14. Re3
Rc8 15. Bb3 h6 16. Rd1 Nf6 17. Qe1 Qc7 18. d5 exd5 19. exd5 Qd6 20. Nd4 Kh8 21.
Nb5 Qd7 22. Nxa7 Rce8 23. Qb4 Nxd5 24. Red3 Qe7 25. Qxe7 Rxe7 26. Bxd5 Bxd5 27.
Rxd5 Rxa7 28. Rd8 Rxd8 29. Rxd8+ Kh7 30. Rd2 Kg6 31. g3 b5 32. Rd5 Rxa2 33. Rxb5 1/2-1/2

[Event "European Online CC PlayB"]
[Site "Tornelo INT"]
[Date "2021.03.29"]
[Round "5.2"]
[Board "2"]
[White "Guseinov, Gadir"]
[Black "Mammadzada, Gunay"]
[Result "1-0"]
[WhiteTitle "GM"]
[BlackTitle "IM"]
[WhiteElo "2665"]
[BlackElo "2443"]
[WhiteTeam "Odlar Yurdu"]
[BlackTeam "Tehsil Idman"]
[WhiteFideId "13401378"]
[BlackFideId "13403729"]
[EventDate "2021.03.29"]
[EventType "team"]

1. e4 c5 2. Nc3 d6 3. Bb5+ Bd7 4. Bxd7+ Qxd7 5. d4 cxd4 6. Qxd4 Nc6 7. Qd3 Nf6
8. Nf3 g6 9. O-O Bg7 10. Nd5 O-O 11. Bg5 Nh5 12. Rad1 h6 13. Bc1 Rad8 14. c4 a6
15. b3 e6 16. Nf4 Nb4 17. Qe2 Nxf4 18. Bxf4 Qe7 19. Qd2 d5 20. exd5 exd5 21. a3
Nc6 22. cxd5 g5 23. Qc1 Rc8 24. dxc6 Rxc6 25. Qe3 Re6 26. Bxg5 Rxe3 27. Bxe7
Rxe7 28. Nh4 Rc7 29. Rd3 Rfc8 30. g4 b5 31. Nf5 Bf8 32. Kg2 a5 33. Rd5 Rb7 34.
Rfd1 Kh7 35. Rd7 Rcb8 36. a4 bxa4 37. bxa4 Rxd7 38. Rxd7 Rb4 39. h3 Rxa4 40.
Rxf7+ Kg8 41. Ra7 Ra2 42. Kg3 a4 43. Kh4 a3 44. Kh5 Rc2 45. Nxh6+ Bxh6 46. Kxh6
Rxf2 47. Rxa3 Rf6+ 48. Kh5 1-0

[Event "European Online CC PlayB"]
[Site "Tornelo INT"]
[Date "2021.03.29"]
[Round "5.2"]
[Board "3"]
[White "Shahaliyev, Ismayil"]
[Black "Durarbayli, Vasif"]
[Result "0-1"]
[WhiteTitle "IM"]
[BlackTitle "GM"]
[WhiteElo "2413"]
[BlackElo "2606"]
[WhiteTeam "Tehsil Idman"]
[BlackTeam "Odlar Yurdu"]
[WhiteFideId "13406388"]
[BlackFideId "13402935"]
[EventDate "2021.03.29"]
[EventType "team"]

1. e4 e5 2. Nf3 Nc6 3. Bb5 a6 4. Ba4 Nf6 5. d3 b5 6. Bb3 Bc5 7. c3 d6 8. h3 O-O
9. Nbd2 a5 10. a4 b4 11. O-O bxc3 12. bxc3 Be6 13. Re1 Rb8 14. Nc4 Ba7 15. Ba3
Nh5 16. d4 Nf4 17. d5 Bxh3 18. g3 Qf6 19. dxc6 Rxb3 20. Qxb3 Ne2+ 21. Rxe2 Qxf3
22. Ne3 Bxe3 23. fxe3 Qxe2 24. Qb2 Qxe3+ 25. Kh2 Bg4 0-1

[Event "European Online CC PlayB"]
[Site "Tornelo INT"]
[Date "2021.03.29"]
[Round "5.2"]
[Board "4"]
[White "Safarli, Eltaj"]
[Black "Bashirli, Nail"]
[Result "1/2-1/2"]
[WhiteTitle "GM"]
[BlackTitle "IM"]
[WhiteElo "2598"]
[BlackElo "2382"]
[WhiteTeam "Odlar Yurdu"]
[BlackTeam "Tehsil Idman"]
[WhiteFideId "13402129"]
[BlackFideId "13406809"]
[EventDate "2021.03.29"]
[EventType "team"]

1. e4 Nf6 2. e5 Nd5 3. Nc3 Nxc3 4. dxc3 d6 5. Nf3 Nc6 6. Bf4 g6 7. Bc4 Bg7 8.
Ng5 O-O 9. e6 f6 10. Nf7 Qe8 11. Nh6+ Kh8 12. Nf7+ Kg8 13. Nh6+ Kh8 14. Nf7+ Kg8 1/2-1/2

[Event "European Online CC PlayB"]
[Site "Tornelo INT"]
[Date "2021.03.29"]
[Round "5.3"]
[Board "1"]
[White "Lagarde, Maxime"]
[Black "Vidit, Santosh Gujrathi"]
[Result "1/2-1/2"]
[WhiteTitle "GM"]
[BlackTitle "GM"]
[WhiteElo "2640"]
[BlackElo "2726"]
[WhiteTeam "C'Chartres Echecs A"]
[BlackTeam "Novy Bor"]
[WhiteFideId "662399"]
[BlackFideId "5029465"]
[EventDate "2021.03.29"]
[EventType "team"]

1. e4 e5 2. Nc3 Nf6 3. f4 d5 4. fxe5 Nxe4 5. Qf3 Nxc3 6. dxc3 Be6 7. Bf4 Nd7 8.
O-O-O c6 9. Qg3 Qa5 10. Kb1 h6 11. h4 O-O-O 12. Nf3 c5 13. Bd3 Nb6 14. b3 Nd7
15. Qe1 g6 16. c4 Qxe1 17. Rhxe1 Nb6 18. cxd5 Nxd5 19. Bd2 Be7 20. Be4 Nc7 21.
Be3 Bd5 22. Bxd5 Rxd5 23. c4 Rxd1+ 24. Rxd1 Ne6 25. Kc2 h5 26. g3 Re8 27. Nd2
Ng7 28. Ne4 Nf5 29. Bf4 Nd4+ 30. Kd3 b6 31. b4 Ne6 32. bxc5 Bxc5 33. Nf6 Rd8+
34. Nd5 Kb7 35. Ke4 Kc6 36. a4 Rd7 37. Rf1 Kb7 38. Bd2 Bf8 39. Be3 Bc5 40. Bd2
Bf8 41. Be3 Bc5 42. Bd2 1/2-1/2

[Event "European Online CC PlayB"]
[Site "Tornelo INT"]
[Date "2021.03.29"]
[Round "5.3"]
[Board "2"]
[White "Wojtaszek, Radoslaw"]
[Black "Maurizzi, Marc Andria"]
[Result "1/2-1/2"]
[WhiteTitle "GM"]
[BlackTitle "IM"]
[WhiteElo "2694"]
[BlackElo "2461"]
[WhiteTeam "Novy Bor"]
[BlackTeam "C'Chartres Echecs A"]
[WhiteFideId "1118358"]
[BlackFideId "36083534"]
[EventDate "2021.03.29"]
[EventType "team"]

1. d4 Nf6 2. c4 g6 3. g3 Bg7 4. Bg2 O-O 5. Nc3 d6 6. Nf3 Nbd7 7. O-O e5 8. e4 c6
9. Be3 exd4 10. Nxd4 Ne5 11. b3 Nfg4 12. Bf4 Qb6 13. Nce2 Re8 14. Qd2 Bd7 15.
Rad1 Rad8 16. h3 Nf6 17. Qc1 Qa5 18. Qc2 c5 19. Nb5 Bxb5 20. cxb5 Qxb5 21. Nc3
Qa6 22. Bg5 Rd7 23. f4 Nc6 24. f5 Nd4 25. Qd2 d5 26. fxg6 hxg6 27. exd5 Ne2+ 28.
Nxe2 Rxe2 29. Qd3 Qxa2 30. Bd2 Rxg2+ 31. Kxg2 Rxd5 32. Qe3 Qc2 33. Qc3 Qe4+ 34.
Qf3 Qc2 35. Qc3 Qe4+ 36. Qf3 Qxf3+ 37. Kxf3 Rd3+ 38. Be3 Rxb3 39. Rd8+ Kh7 40.
Ke2 c4 41. Bd4 Rd3 42. Bxf6 Bxf6 43. Rxd3 cxd3+ 44. Kxd3 Kg7 45. Kc4 b6 46. Kb5
Bd4 47. Ka6 f5 48. Kxa7 Kf6 49. Ka6 Ke5 50. Kb5 Ke4 51. Kc4 Be3 52. h4 Bc5 53.
Rf4+ Ke5 54. Kd3 Kf6 55. Ke2 g5 56. hxg5+ Kxg5 57. Rc4 Bd6 58. Kf3 Bc5 59. Rc1
Kg6 60. Rd1 Kf6 61. Kf4 Bf8 62. Rd5 Bh6+ 63. Kf3 Bf8 64. Rd8 Be7 65. Rd5 Ke6 66.
Rd3 Kf6 67. Kf4 Bf8 68. Rd8 Bc5 69. Rd5 Kg6 70. Rxf5 Bd6+ 71. Kg4 Bxg3 72. Rg5+
Kf6 73. Rb5 Bc7 74. Kf3 Ke6 75. Ke4 Kd6 76. Kd4 Kc6 77. Kc4 Bd6 78. Rh5 Bc5 79.
Rh6+ Kd7 80. Kb5 Ke7 81. Rxb6 Bxb6 1/2-1/2

[Event "European Online CC PlayB"]
[Site "Tornelo INT"]
[Date "2021.03.29"]
[Round "5.3"]
[Board "3"]
[White "Medvegy, Zoltan"]
[Black "Navara, David"]
[Result "0-1"]
[WhiteTitle "GM"]
[BlackTitle "GM"]
[WhiteElo "2527"]
[BlackElo "2697"]
[WhiteTeam "C'Chartres Echecs A"]
[BlackTeam "Novy Bor"]
[WhiteFideId "708402"]
[BlackFideId "309095"]
[EventDate "2021.03.29"]
[EventType "team"]

1. c4 e5 2. Nc3 Nf6 3. Nf3 Nc6 4. e3 Bb4 5. Qc2 Bxc3 6. Qxc3 Qe7 7. Be2 O-O 8.
O-O d5 9. d4 Bg4 10. dxe5 Nxe5 11. Nxe5 Bxe2 12. Re1 Ne4 13. Qd4 Bxc4 14. Nxc4
dxc4 15. Qxc4 Rad8 16. f3 Nc5 17. e4 Nd3 18. Re2 Nxc1 19. Rxc1 Rd6 20. Qb3 c6
21. Rd1 Rfd8 22. Rxd6 Qxd6 23. g3 h5 24. Kg2 h4 25. e5 Qd7 26. g4 Qd3 27. Qxd3
Rxd3 28. Kh3 g5 29. e6 Kf8 30. exf7 Rxf3+ 31. Kg2 Rf4 32. h3 Kxf7 33. Re5 Kf6
34. Re8 Rd4 35. Re2 Rd3 36. Rf2+ Kg6 37. Re2 a5 38. a4 Rg3+ 39. Kh2 Rb3 40. Re6+
Kf7 41. Re5 Rxb2+ 42. Kg1 b5 43. Rxg5 bxa4 44. Rxa5 Ra2 45. Kf1 a3 46. Ke1 c5
47. Kd1 c4 48. Kc1 c3 49. g5 Kg6 50. Rc5 Rh2 51. Kb1 Rxh3 0-1

[Event "European Online CC PlayB"]
[Site "Tornelo INT"]
[Date "2021.03.29"]
[Round "5.3"]
[Board "4"]
[White "Ragger, Markus"]
[Black "Guliyev, Namig"]
[Result "0-1"]
[WhiteTitle "GM"]
[BlackTitle "GM"]
[WhiteElo "2680"]
[BlackElo "2538"]
[WhiteTeam "Novy Bor"]
[BlackTeam "C'Chartres Echecs A"]
[WhiteFideId "1610856"]
[BlackFideId "13400363"]
[EventDate "2021.03.29"]
[EventType "team"]

1. e4 c5 2. Nf3 d6 3. Bb5+ Bd7 4. Bxd7+ Qxd7 5. c4 Nf6 6. Nc3 g6 7. d4 cxd4 8.
Nxd4 Bg7 9. f3 O-O 10. Be3 Nc6 11. O-O Rfe8 12. Qd2 Rac8 13. b3 a6 14. a4 e6 15.
Rac1 Qe7 16. Bf2 h6 17. Rfd1 Red8 18. Nde2 Nd7 19. Qxd6 Qxd6 20. Rxd6 Bf8 21.
Rdd1 Nc5 22. Rb1 Rxd1+ 23. Nxd1 Rd8 24. Ndc3 Nd3 25. Bb6 Bc5+ 26. Bxc5 Nxc5 27.
b4 Nd3 28. b5 Nce5 29. bxa6 bxa6 30. Rb6 Nc5 31. f4 Ned7 32. Rb1 g5 33. g3 Nf6
34. e5 Ng4 35. Rb6 Rd2 36. Rc6 Nxa4 37. Rxa6 Nxc3 38. Nxc3 Nxh2 39. fxg5 Nf3+
40. Kf1 hxg5 41. Ne4 Rc2 42. Ra3 Nxe5 43. Nxg5 Rxc4 44. Ra6 Rc6 45. Ra5 f6 46.
Ne4 Kg7 47. Nf2 Kg6 48. Kg2 Rc2 49. Kg1 Nf3+ 50. Kg2 Ng5 51. Kf1 e5 52. Ra6 Kf5
53. g4+ Kg6 54. Ra4 Rb2 55. Ra3 Rb4 56. Re3 Ne6 57. Kg2 Nc5 58. Kf3 Rf4+ 59. Kg3
Rd4 60. Rc3 Ne4+ 61. Nxe4 Rxe4 62. Rf3 Rd4 63. Rf5 Rd3+ 64. Kg2 Ra3 65. Rf1 Ra8
66. Kg3 Rg8 67. Rb1 Rd8 68. Rf1 Rd5 69. Rf2 Rd1 70. Kg2 Re1 71. Rf5 Ra1 72. Rf2
Ra6 73. Kg3 Rb6 74. Rf1 Re6 75. Rf5 Re8 76. Rf1 Rg8 77. Ra1 Kg5 78. Rf1 Rg6 79.
Rh1 Rh6 80. Rf1 Kg6 81. Ra1 Kf7 82. Ra6 Rh1 83. Ra7+ Kg6 84. Ra8 Rg1+ 85. Kf3
Rf1+ 86. Kg3 Rf4 87. Rb8 Kf7 88. Rb6 Kg6 89. Rb8 Rf1 90. Rg8+ Kf7 91. Rb8 Ke6
92. Rb5 e4 93. Kg2 Rf4 94. Kg3 Rf3+ 95. Kg2 Rd3 96. Kf2 Rd5 97. Rb6+ Ke5 98. Ke2
Ra5 99. Kf2 Ra2+ 100. Ke3 Ra3+ 101. Ke2 Rg3 102. Rb5+ Ke6 103. Rb6+ Kf7 104. g5
Rxg5 105. Ke3 Rg4 106. Rb4 Kg6 107. Rxe4 Rxe4+ 108. Kxe4 Kg5 0-1